[Event "Deutsche Ländermeisterschaft 2025"]
[Site "Oer-Erkenschwick GER"]
[Date "2025.10.03"]
[Round "4"]
[White "Andersen, Jonathan"]
[Black "Sasse, Conan"]
[Result "1/2-1/2"]
[Termination "normal"]
[Board "6.4"]
[WhiteElo "1886"]
[BlackElo "1906"]
[WhiteClock "00:00:32"]
[BlackClock "00:22:50"]
[WhiteTeam "Hamburg 1"]
[BlackTeam "Schleswig-Holstein"]
[PlyCount "115"]
[WhiteFideId "34623884"]
[BlackFideId "34684336"]
[EventCountry "GER"]
[EventRounds "7"]
[EventType "team-swiss"]
[EventDate "2025.09.30"]

1. e4 {[%clk 01:30:47]} {[%emt 00:00:10]} e5 {[%clk 01:30:53]} {[%emt
00:00:07]} 2. Nf3 {[%clk 01:31:13]} {[%emt 00:00:05]} Nc6 {[%clk 01:31:18]}
{[%emt 00:00:05]} 3. Bb5 {[%clk 01:31:37]} {[%emt 00:00:06]} a6 {[%clk
01:31:35]} {[%emt 00:00:14]} 4. Ba4 {[%clk 01:32:02]} {[%emt 00:00:05]} Bc5
{[%clk 01:31:58]} {[%emt 00:00:06]} 5. c3 {[%clk 01:31:43]} {[%emt 00:00:48]}
b5 {[%clk 01:32:14]} {[%emt 00:00:15]} 6. Bb3 {[%clk 01:32:09]} {[%emt
00:00:05]} d6 {[%clk 01:30:24]} {[%emt 00:02:20]} 7. d4 {[%clk 01:31:10]}
{[%emt 00:01:28]} exd4 {[%clk 01:28:39]} {[%emt 00:02:15]} 8. cxd4 {[%clk
01:31:35]} {[%emt 00:00:06]} Bb6 {[%clk 01:28:52]} {[%emt 00:00:17]} 9. h3
{[%clk 01:31:06]} {[%emt 00:00:58]} Nf6 {[%clk 01:28:08]} {[%emt 00:01:14]} 10.
O-O {[%clk 01:30:44]} {[%emt 00:00:51]} O-O {[%clk 01:27:32]} {[%emt 00:01:07]}
11. Re1 {[%clk 01:29:02]} {[%emt 00:02:12]} Bb7 {[%clk 01:26:24]} {[%emt
00:01:39]} 12. Nc3 {[%clk 01:19:48]} {[%emt 00:09:43]} h6 {[%clk 01:21:21]}
{[%emt 00:05:33]} 13. Bc2 {[%clk 01:17:51]} {[%emt 00:02:25]} Re8 {[%clk
01:18:18]} {[%emt 00:03:35]} 14. d5 {[%clk 01:11:39]} {[%emt 00:06:41]} Ne7
{[%clk 01:15:07]} {[%emt 00:03:41]} 15. Ne2 {[%clk 00:44:45]} {[%emt 00:27:23]}
c6 {[%clk 01:08:41]} {[%emt 00:06:58]} 16. dxc6 {[%clk 00:44:55]} {[%emt
00:00:20]} Nxc6 {[%clk 01:09:03]} {[%emt 00:00:08]} 17. Ng3 {[%clk 00:45:07]}
{[%emt 00:00:18]} Ne5 {[%clk 01:00:15]} {[%emt 00:09:18]} 18. Nxe5 {[%clk
00:44:58]} {[%emt 00:00:39]} dxe5 {[%clk 00:59:43]} {[%emt 00:01:03]} 19. Qf3
{[%clk 00:44:35]} {[%emt 00:00:52]} Bc8 {[%clk 00:54:43]} {[%emt 00:05:30]} 20.
Be3 {[%clk 00:39:31]} {[%emt 00:05:31]} Bxe3 {[%clk 00:52:23]} {[%emt
00:02:53]} 21. Qxe3 {[%clk 00:38:25]} {[%emt 00:01:36]} Rb8 {[%clk 00:51:44]}
{[%emt 00:01:09]} 22. Bb3 {[%clk 00:37:48]} {[%emt 00:01:05]} Qb6 {[%clk
00:50:11]} {[%emt 00:02:05]} 23. Qf3 {[%clk 00:35:51]} {[%emt 00:02:26]} Be6
{[%clk 00:46:38]} {[%emt 00:04:04]} 24. Bxe6 {[%clk 00:36:11]} {[%emt
00:00:10]} Qxe6 {[%clk 00:46:58]} {[%emt 00:00:10]} 25. Nf5 {[%clk 00:36:12]}
{[%emt 00:00:28]} Kh7 {[%clk 00:46:27]} {[%emt 00:01:02]} 26. Red1 {[%clk
00:35:15]} {[%emt 00:01:27]} Red8 {[%clk 00:45:12]} {[%emt 00:01:45]} 27. b3
{[%clk 00:34:37]} {[%emt 00:01:09]} g6 {[%clk 00:44:19]} {[%emt 00:01:22]} 28.
Ne3 {[%clk 00:34:04]} {[%emt 00:01:03]} Rd4 {[%clk 00:41:44]} {[%emt 00:03:05]}
29. Nd5 {[%clk 00:21:22]} {[%emt 00:13:12]} Kg7 {[%clk 00:39:17]} {[%emt
00:02:57]} 30. Rxd4 {[%clk 00:19:36]} {[%emt 00:02:16]} exd4 {[%clk 00:39:36]}
{[%emt 00:00:10]} 31. Nxf6 {[%clk 00:18:59]} {[%emt 00:01:08]} Qxf6 {[%clk
00:40:01]} {[%emt 00:00:05]} 32. Qd3 {[%clk 00:19:21]} {[%emt 00:00:07]} Rd8
{[%clk 00:36:49]} {[%emt 00:03:43]} 33. Rc1 {[%clk 00:18:32]} {[%emt 00:01:16]}
Qd6 {[%clk 00:36:58]} {[%emt 00:00:23]} 34. Rc2 {[%clk 00:17:15]} {[%emt
00:01:46]} Qb4 {[%clk 00:35:20]} {[%emt 00:02:09]} 35. Kf1 {[%clk 00:16:55]}
{[%emt 00:00:50]} Rd7 {[%clk 00:34:45]} {[%emt 00:01:06]} 36. f4 {[%clk
00:14:03]} {[%emt 00:03:21]} Qd6 {[%clk 00:32:50]} {[%emt 00:02:25]} 37. g3
{[%clk 00:13:54]} {[%emt 00:00:36]} h5 {[%clk 00:30:39]} {[%emt 00:02:43]} 38.
Kf2 {[%clk 00:12:24]} {[%emt 00:01:58]} h4 {[%clk 00:30:16]} {[%emt 00:00:56]}
39. e5 {[%clk 00:09:42]} {[%emt 00:03:12]} hxg3+ {[%clk 00:30:25]} {[%emt
00:00:21]} 40. Kxg3 {[%clk 00:09:00]} {[%emt 00:01:11]} Qe6 {[%clk 00:30:33]}
{[%emt 00:00:23]} 41. Kh2 {[%clk 00:22:01]} {[%emt 00:17:28]} Qd5 {[%clk
00:52:16]} {[%emt 00:08:48]} 42. Kg1 {[%clk 00:16:46]} {[%emt 00:05:43]} Rd8
{[%clk 00:46:58]} {[%emt 00:05:50]} 43. Kh2 {[%clk 00:13:00]} {[%emt 00:04:14]}
Rd7 {[%clk 00:46:06]} {[%emt 00:01:24]} 44. Rd2 {[%clk 00:12:07]} {[%emt
00:01:21]} Rc7 {[%clk 00:46:02]} {[%emt 00:00:35]} 45. Kg3 {[%clk 00:09:17]}
{[%emt 00:03:20]} Rd7 {[%clk 00:42:21]} {[%emt 00:04:12]} 46. Qf3 {[%clk
00:06:55]} {[%emt 00:02:49]} Qc5 {[%clk 00:41:30]} {[%emt 00:01:23]} 47. Rd3
{[%clk 00:05:51]} {[%emt 00:01:33]} Qc1 {[%clk 00:41:33]} {[%emt 00:00:26]} 48.
Qf2 {[%clk 00:04:01]} {[%emt 00:02:21]} Qc5 {[%clk 00:40:57]} {[%emt 00:01:07]}
49. h4 {[%clk 00:03:47]} {[%emt 00:00:44]} Qc6 {[%clk 00:37:00]} {[%emt
00:04:27]} 50. Qf3 {[%clk 00:03:24]} {[%emt 00:00:50]} Qxf3+ {[%clk 00:29:04]}
{[%emt 00:08:28]} 51. Kxf3 {[%clk 00:03:47]} {[%emt 00:00:07]} Kh6 {[%clk
00:29:28]} {[%emt 00:00:07]} 52. Ke4 {[%clk 00:01:25]} {[%emt 00:02:52]} Kh5
{[%clk 00:26:42]} {[%emt 00:03:16]} 53. Rxd4 {[%clk 00:01:49]} {[%emt
00:00:06]} Rxd4+ {[%clk 00:25:52]} {[%emt 00:01:20]} 54. Kxd4 {[%clk 00:02:14]}
{[%emt 00:00:05]} Kxh4 {[%clk 00:26:18]} {[%emt 00:00:04]} 55. b4 {[%clk
00:01:59]} {[%emt 00:00:45]} Kg3 {[%emt 00:04:12]} 56. Ke3 {[%clk 00:01:16]}
{[%emt 00:01:09]} Kg4 {[%clk 00:22:50]} {[%emt 00:00:35]} 57. Ke4 {[%clk
00:00:36]} Kg3 {[%emt 00:03:07]} 58. Ke3 {[%clk 00:00:32]} {[%emt 00:00:20]}
1/2-1/2

[Event "Deutsche Ländermeisterschaft 2025"]
[Site "Oer-Erkenschwick GER"]
[Date "2025.10.03"]
[Round "4"]
[White "Aguike, Toshiya"]
[Black "Ahryzkov, Ivan"]
[Result "0-1"]
[Termination "normal"]
[Board "6.5"]
[WhiteElo "1897"]
[BlackElo "1870"]
[WhiteClock "00:12:57"]
[BlackClock "00:03:07"]
[WhiteTeam "Schleswig-Holstein"]
[BlackTeam "Hamburg 1"]
[PlyCount "86"]
[WhiteFideId "34611347"]
[BlackFideId "34123750"]
[EventCountry "GER"]
[EventRounds "7"]
[EventType "team-swiss"]
[EventDate "2025.09.30"]

1. e4 {[%clk 01:29:48]} {[%emt 00:01:11]} c5 {[%clk 01:30:40]} {[%emt
00:00:20]} 2. Nf3 {[%clk 01:30:05]} {[%emt 00:00:13]} d6 {[%clk 01:31:06]}
{[%emt 00:00:04]} 3. d4 {[%clk 01:30:29]} {[%emt 00:00:05]} cxd4 {[%clk
01:31:34]} {[%emt 00:00:04]} 4. Nxd4 {[%clk 01:30:33]} {[%emt 00:00:25]} Nf6
{[%clk 01:31:59]} {[%emt 00:00:05]} 5. Nc3 {[%clk 01:30:12]} {[%emt 00:00:49]}
g6 {[%clk 01:32:25]} {[%emt 00:00:07]} 6. f3 {[%clk 01:30:31]} {[%emt
00:00:10]} Bg7 {[%clk 01:32:49]} {[%emt 00:00:06]} 7. Be3 {[%clk 01:30:47]}
{[%emt 00:00:13]} O-O {[%clk 01:33:13]} {[%emt 00:00:06]} 8. Qd2 {[%clk
01:30:28]} {[%emt 00:00:48]} Nc6 {[%clk 01:33:35]} {[%emt 00:00:10]} 9. Bc4
{[%clk 01:30:50]} {[%emt 00:00:07]} Bd7 {[%clk 01:33:04]} {[%emt 00:01:02]} 10.
O-O-O {[%clk 01:30:23]} {[%emt 00:00:56]} Qa5 {[%clk 01:31:50]} {[%emt
00:01:44]} 11. h4 {[%clk 01:30:20]} {[%emt 00:00:34]} Ne5 {[%clk 01:29:44]}
{[%emt 00:02:36]} 12. Bb3 {[%clk 01:29:23]} {[%emt 00:01:27]} Rfc8 {[%clk
01:27:49]} {[%emt 00:02:25]} 13. Kb1 {[%clk 01:28:27]} {[%emt 00:01:26]} b5
{[%clk 01:14:58]} {[%emt 00:13:21]} 14. g4 {[%clk 01:27:03]} {[%emt 00:01:54]}
Nc4 {[%clk 01:14:57]} {[%emt 00:00:31]} 15. Bxc4 {[%clk 01:23:33]} {[%emt
00:04:00]} bxc4 {[%clk 01:15:10]} {[%emt 00:00:17]} 16. h5 {[%clk 01:22:29]}
{[%emt 00:01:34]} Rab8 {[%clk 01:11:21]} {[%emt 00:04:19]} 17. Ka1 {[%clk
01:20:13]} {[%emt 00:02:46]} Rb7 {[%clk 01:05:44]} {[%emt 00:06:06]} 18. hxg6
{[%clk 01:15:03]} {[%emt 00:05:40]} fxg6 {[%clk 01:06:09]} {[%emt 00:00:06]}
19. g5 {[%clk 01:14:23]} {[%emt 00:01:10]} Nh5 {[%clk 01:03:18]} {[%emt
00:03:20]} 20. f4 {[%clk 01:06:18]} {[%emt 00:08:36]} Rcb8 {[%clk 00:35:51]}
{[%emt 00:27:57]} 21. Rb1 {[%clk 01:02:50]} {[%emt 00:03:57]} a6 {[%clk
00:28:50]} {[%emt 00:07:32]} 22. Qe2 {[%clk 00:55:15]} {[%emt 00:08:04]} Rc8
{[%clk 00:26:26]} {[%emt 00:02:53]} 23. Qd2 {[%clk 00:54:29]} {[%emt 00:01:16]}
Kf8 {[%clk 00:23:21]} {[%emt 00:03:36]} 24. f5 {[%clk 00:53:44]} {[%emt
00:01:16]} Rcb8 {[%clk 00:21:07]} {[%emt 00:02:42]} 25. Rxh5 {[%clk 00:38:35]}
{[%emt 00:15:40]} gxh5 {[%clk 00:20:50]} {[%emt 00:00:47]} 26. g6 {[%clk
00:37:51]} {[%emt 00:01:13]} hxg6 {[%clk 00:17:46]} {[%emt 00:03:36]} 27. Bh6
{[%clk 00:37:57]} {[%emt 00:00:24]} Qe5 {[%clk 00:16:03]} {[%emt 00:02:12]} 28.
fxg6 {[%clk 00:31:43]} {[%emt 00:06:46]} Kg8 {[%clk 00:06:00]} {[%emt
00:10:32]} 29. Nde2 {[%clk 00:28:33]} {[%emt 00:03:39]} Bg4 {[%clk 00:05:03]}
{[%emt 00:01:27]} 30. Bxg7 {[%clk 00:28:47]} {[%emt 00:00:17]} Kxg7 {[%clk
00:05:13]} {[%emt 00:00:20]} 31. Nd4 {[%clk 00:29:02]} {[%emt 00:00:15]} Rf8
{[%clk 00:04:32]} {[%emt 00:01:10]} 32. Rg1 {[%clk 00:25:31]} {[%emt 00:04:01]}
Qf4 {[%clk 00:03:18]} {[%emt 00:01:44]} 33. Qg2 {[%clk 00:19:54]} {[%emt
00:06:07]} Qe3 {[%clk 00:02:23]} {[%emt 00:01:25]} 34. Nf5+ {[%clk 00:19:04]}
{[%emt 00:01:20]} Bxf5 {[%clk 00:02:01]} {[%emt 00:00:53]} 35. exf5 {[%clk
00:19:26]} {[%emt 00:00:08]} Rxb2 {[%clk 00:02:10]} {[%emt 00:00:20]} 36. f6+
{[%clk 00:12:53]} {[%emt 00:07:04]} exf6 {[%clk 00:01:48]} {[%emt 00:00:52]}
37. Qc6 {[%clk 00:11:03]} {[%emt 00:02:19]} Qxg1+ {[%clk 00:01:52]} {[%emt
00:00:26]} 38. Kxb2 {[%clk 00:11:26]} {[%emt 00:00:06]} Rb8+ {[%clk 00:02:02]}
{[%emt 00:00:21]} 39. Ka3 {[%clk 00:11:47]} {[%emt 00:00:09]} Qc1+ {[%clk
00:01:27]} {[%emt 00:01:04]} 40. Ka4 {[%clk 00:12:11]} {[%emt 00:00:07]} Qxc2+
{[%clk 00:01:53]} {[%emt 00:00:05]} 41. Ka5 {[%clk 00:12:37]} {[%emt 00:00:03]}
Qxc3+ {[%clk 00:02:17]} {[%emt 00:00:07]} 42. Kxa6 {[%clk 00:12:31]} {[%emt
00:00:36]} Qa3+ {[%clk 00:02:41]} {[%emt 00:00:05]} 43. Qa4 {[%clk 00:12:57]}
{[%emt 00:00:04]} Qxa4# {[%clk 00:03:07]} {[%emt 00:00:05]} 0-1

[Event "Deutsche Ländermeisterschaft 2025"]
[Site "Oer-Erkenschwick GER"]
[Date "2025.10.03"]
[Round "4"]
[White "Kutlar, Aras"]
[Black "Kopylov, Diana"]
[Result "1-0"]
[Termination "normal"]
[Board "6.6"]
[WhiteElo "1819"]
[BlackElo "1836"]
[WhiteClock "00:21:12"]
[BlackClock "00:16:52"]
[WhiteTeam "Hamburg 1"]
[BlackTeam "Schleswig-Holstein"]
[PlyCount "106"]
[WhiteFideId "51682117"]
[BlackFideId "16268865"]
[EventCountry "GER"]
[EventRounds "7"]
[EventType "team-swiss"]
[EventDate "2025.09.30"]

1. e4 {[%clk 01:30:43]} {[%emt 00:00:17]} c5 {[%clk 01:30:53]} {[%emt
00:00:06]} 2. Nf3 {[%clk 01:30:40]} {[%emt 00:00:34]} d6 {[%clk 01:31:17]}
{[%emt 00:00:06]} 3. Bb5+ {[%clk 01:30:53]} {[%emt 00:00:17]} Bd7 {[%clk
01:31:34]} {[%emt 00:00:12]} 4. Bxd7+ {[%clk 01:31:13]} {[%emt 00:00:11]} Qxd7
{[%clk 01:31:59]} {[%emt 00:00:05]} 5. O-O {[%clk 01:31:31]} {[%emt 00:00:11]}
Nf6 {[%clk 01:28:44]} {[%emt 00:03:44]} 6. Re1 {[%clk 01:30:59]} {[%emt
00:01:02]} e6 {[%clk 01:23:59]} {[%emt 00:05:16]} 7. c3 {[%clk 01:31:07]}
{[%emt 00:00:22]} Nc6 {[%clk 01:22:49]} {[%emt 00:01:40]} 8. d4 {[%clk
01:31:23]} {[%emt 00:00:15]} d5 {[%clk 01:21:50]} {[%emt 00:01:29]} 9. e5
{[%clk 01:16:51]} {[%emt 00:15:02]} Ne4 {[%clk 01:21:57]} {[%emt 00:00:23]} 10.
Nbd2 {[%clk 01:16:42]} {[%emt 00:00:39]} Nxd2 {[%clk 01:22:06]} {[%emt
00:00:20]} 11. Bxd2 {[%clk 01:17:01]} {[%emt 00:00:10]} Be7 {[%clk 01:20:57]}
{[%emt 00:01:40]} 12. Be3 {[%clk 01:13:09]} {[%emt 00:04:22]} O-O {[%clk
01:17:53]} {[%emt 00:03:34]} 13. dxc5 {[%clk 01:11:37]} {[%emt 00:02:02]} Na5
{[%clk 01:11:54]} {[%emt 00:06:30]} 14. Nd2 {[%clk 01:07:20]} {[%emt 00:04:46]}
Qc7 {[%clk 01:08:16]} {[%emt 00:04:08]} 15. b4 {[%clk 01:04:27]} {[%emt
00:03:24]} Nc6 {[%clk 01:06:27]} {[%emt 00:02:20]} 16. f4 {[%clk 01:03:47]}
{[%emt 00:01:09]} Rfd8 {[%clk 01:03:51]} {[%emt 00:03:06]} 17. Nb3 {[%clk
00:59:49]} {[%emt 00:04:29]} a5 {[%clk 00:56:46]} {[%emt 00:07:34]} 18. b5
{[%clk 00:58:42]} {[%emt 00:01:37]} a4 {[%clk 00:52:56]} {[%emt 00:04:20]} 19.
bxc6 {[%clk 00:54:14]} {[%emt 00:04:58]} axb3 {[%clk 00:53:11]} {[%emt
00:00:15]} 20. cxb7 {[%clk 00:54:25]} {[%emt 00:00:19]} Rab8 {[%clk 00:32:22]}
{[%emt 00:21:19]} 21. axb3 {[%clk 00:42:01]} {[%emt 00:12:55]} Bxc5 {[%clk
00:29:14]} {[%emt 00:03:37]} 22. Qd3 {[%clk 00:27:23]} {[%emt 00:15:07]} Rxb7
{[%clk 00:24:54]} {[%emt 00:04:51]} 23. b4 {[%clk 00:26:51]} {[%emt 00:01:02]}
Bxe3+ {[%clk 00:23:08]} {[%emt 00:02:16]} 24. Rxe3 {[%clk 00:26:46]} {[%emt
00:00:35]} g6 {[%clk 00:16:24]} {[%emt 00:07:15]} 25. Qd4 {[%clk 00:22:29]}
{[%emt 00:04:45]} Rb6 {[%clk 00:13:48]} {[%emt 00:03:06]} 26. Ra5 {[%clk
00:15:09]} {[%emt 00:07:51]} Rc6 {[%clk 00:11:39]} {[%emt 00:02:39]} 27. Qd2
{[%clk 00:11:54]} {[%emt 00:03:45]} Qb6 {[%clk 00:09:31]} {[%emt 00:02:39]} 28.
Kf1 {[%clk 00:10:31]} {[%emt 00:01:54]} Kg7 {[%clk 00:08:57]} {[%emt 00:01:04]}
29. Rd3 {[%clk 00:09:41]} {[%emt 00:01:19]} Rc4 {[%clk 00:06:06]} {[%emt
00:03:21]} 30. Rh3 {[%clk 00:07:50]} {[%emt 00:02:22]} Rdc8 {[%clk 00:03:35]}
{[%emt 00:03:00]} 31. f5 {[%clk 00:07:49]} {[%emt 00:00:31]} h5 {[%clk
00:02:23]} {[%emt 00:01:42]} 32. f6+ {[%clk 00:06:40]} {[%emt 00:01:39]} Kf8
{[%clk 00:01:42]} {[%emt 00:01:11]} 33. Rd3 {[%clk 00:05:47]} {[%emt 00:01:22]}
Qc7 {[%clk 00:01:40]} {[%emt 00:00:32]} 34. Qh6+ {[%clk 00:05:25]} {[%emt
00:00:53]} Ke8 {[%clk 00:02:08]} {[%emt 00:00:02]} 35. Raxd5 {[%clk 00:04:54]}
{[%emt 00:01:01]} Rf4+ {[%clk 00:02:01]} {[%emt 00:00:37]} 36. Qxf4 {[%clk
00:03:17]} {[%emt 00:02:06]} exd5 {[%clk 00:02:24]} {[%emt 00:00:08]} 37. Qe3
{[%clk 00:01:23]} {[%emt 00:02:24]} Qc4 {[%clk 00:02:13]} {[%emt 00:00:42]} 38.
Kg1 {[%clk 00:00:47]} {[%emt 00:01:05]} Ra8 {[%clk 00:02:00]} {[%emt 00:00:43]}
39. h3 {[%clk 00:00:56]} {[%emt 00:00:21]} Ra6 {[%clk 00:01:12]} {[%emt
00:01:18]} 40. Kh2 {[%clk 00:01:02]} {[%emt 00:00:24]} Re6 {[%clk 00:00:48]}
{[%emt 00:00:53]} 41. Rd4 {[%clk 00:00:55]} {[%emt 00:00:37]} Qc6 {[%clk
00:29:35]} {[%emt 00:01:43]} 42. c4 {[%clk 00:22:16]} {[%emt 00:09:10]} Qc7
{[%clk 00:26:38]} {[%emt 00:03:25]} 43. Rxd5 {[%clk 00:18:56]} {[%emt
00:03:53]} Rxf6 {[%clk 00:16:19]} {[%emt 00:10:48]} 44. Rc5 {[%clk 00:18:37]}
{[%emt 00:00:48]} Qb8 {[%clk 00:15:17]} {[%emt 00:01:32]} 45. Rc8+ {[%clk
00:18:32]} {[%emt 00:00:36]} Qxc8 {[%clk 00:15:19]} {[%emt 00:00:29]} 46. exf6+
{[%clk 00:19:00]} {[%emt 00:00:01]} Kd7 {[%clk 00:14:57]} {[%emt 00:00:52]} 47.
Qe7+ {[%clk 00:19:19]} {[%emt 00:00:11]} Kc6 {[%clk 00:15:17]} {[%emt
00:00:10]} 48. Qc5+ {[%clk 00:19:45]} {[%emt 00:00:04]} Kd7 {[%clk 00:15:36]}
{[%emt 00:00:11]} 49. Qxc8+ {[%clk 00:20:09]} {[%emt 00:00:06]} Kxc8 {[%clk
00:16:00]} {[%emt 00:00:06]} 50. b5 {[%clk 00:20:31]} {[%emt 00:00:08]} Kc7
{[%clk 00:16:08]} {[%emt 00:00:22]} 51. Kg3 {[%clk 00:20:38]} {[%emt 00:00:23]}
Kb6 {[%clk 00:16:30]} {[%emt 00:00:08]} 52. Kf4 {[%clk 00:20:55]} {[%emt
00:00:13]} Kc5 {[%clk 00:16:52]} {[%emt 00:00:07]} 53. Kg5 {[%clk 00:21:12]}
{[%emt 00:00:14]} Kd5 {[%emt 00:00:36]} 1-0

[Event "Deutsche Ländermeisterschaft 2025"]
[Site "Oer-Erkenschwick GER"]
[Date "2025.10.03"]
[Round "4"]
[White "Margaryan, Susanna"]
[Black "Busch, Lara Sophie"]
[Result "1-0"]
[Termination "normal"]
[Board "6.7"]
[WhiteElo "1750"]
[BlackElo "1704"]
[WhiteClock "01:05:36"]
[BlackClock "00:22:36"]
[WhiteTeam "Schleswig-Holstein"]
[BlackTeam "Hamburg 1"]
[PlyCount "109"]
[WhiteFideId "16268210"]
[BlackFideId "34664866"]
[EventCountry "GER"]
[EventRounds "7"]
[EventType "team-swiss"]
[EventDate "2025.09.30"]

1. e4 {[%clk 01:30:57]} {[%emt 00:00:03]} e5 {[%clk 01:30:54]} {[%emt
00:00:07]} 2. Nf3 {[%clk 01:31:23]} {[%emt 00:00:03]} Nc6 {[%clk 01:31:17]}
{[%emt 00:00:06]} 3. c3 {[%clk 01:31:43]} {[%emt 00:00:11]} Nf6 {[%clk
01:31:30]} {[%emt 00:00:18]} 4. d4 {[%clk 01:32:02]} {[%emt 00:00:11]} exd4
{[%clk 01:31:19]} {[%emt 00:00:42]} 5. e5 {[%clk 01:32:24]} {[%emt 00:00:08]}
Nd5 {[%clk 01:27:40]} {[%emt 00:04:08]} 6. cxd4 {[%clk 01:32:04]} {[%emt
00:00:49]} Bb4+ {[%clk 01:26:32]} {[%emt 00:01:39]} 7. Bd2 {[%clk 01:31:09]}
{[%emt 00:01:25]} Bxd2+ {[%clk 01:26:35]} {[%emt 00:00:27]} 8. Nbxd2 {[%clk
01:31:05]} {[%emt 00:00:34]} O-O {[%clk 01:25:29]} {[%emt 00:01:36]} 9. Qb3
{[%clk 01:29:56]} {[%emt 00:01:38]} Nb6 {[%clk 01:21:39]} {[%emt 00:04:21]} 10.
Bd3 {[%clk 01:26:49]} {[%emt 00:03:36]} d6 {[%clk 01:18:40]} {[%emt 00:03:29]}
11. O-O {[%clk 01:24:04]} {[%emt 00:03:16]} Be6 {[%clk 01:13:20]} {[%emt
00:05:50]} 12. Qa3 {[%clk 01:15:20]} {[%emt 00:09:14]} d5 {[%clk 01:02:55]}
{[%emt 00:10:55]} 13. Rac1 {[%clk 01:13:11]} {[%emt 00:02:39]} g5 {[%clk
00:56:37]} {[%emt 00:06:48]} 14. Nb3 {[%clk 01:04:38]} {[%emt 00:09:02]} Nc4
{[%clk 00:47:36]} {[%emt 00:09:31]} 15. Bxc4 {[%clk 01:03:20]} {[%emt
00:01:48]} dxc4 {[%clk 00:48:04]} {[%emt 00:00:03]} 16. Nc5 {[%clk 01:02:45]}
{[%emt 00:01:05]} Nxd4 {[%clk 00:45:49]} {[%emt 00:02:45]} 17. Rfd1 {[%clk
00:57:17]} {[%emt 00:05:58]} Nxf3+ {[%clk 00:42:22]} {[%emt 00:03:57]} 18. Qxf3
{[%clk 00:57:31]} {[%emt 00:00:15]} Qc8 {[%clk 00:39:43]} {[%emt 00:03:05]} 19.
Qh5 {[%clk 00:56:04]} {[%emt 00:02:01]} f6 {[%clk 00:26:34]} {[%emt 00:13:40]}
20. exf6 {[%clk 00:56:10]} {[%emt 00:00:24]} Rxf6 {[%clk 00:26:19]} {[%emt
00:00:45]} 21. Qxg5+ {[%clk 00:56:05]} {[%emt 00:00:36]} Rg6 {[%clk 00:26:26]}
{[%emt 00:00:23]} 22. Qf4 {[%clk 00:53:16]} {[%emt 00:03:17]} c6 {[%clk
00:21:53]} {[%emt 00:05:04]} 23. Nxe6 {[%clk 00:53:32]} {[%emt 00:00:13]} Qxe6
{[%clk 00:21:56]} {[%emt 00:00:27]} 24. Qxc4 {[%clk 00:53:50]} {[%emt
00:00:12]} Qxc4 {[%clk 00:21:32]} {[%emt 00:00:54]} 25. Rxc4 {[%clk 00:54:16]}
{[%emt 00:00:04]} Re8 {[%clk 00:21:21]} {[%emt 00:00:41]} 26. Rc2 {[%clk
00:52:52]} {[%emt 00:01:55]} Rge6 {[%clk 00:20:55]} {[%emt 00:00:57]} 27. f4
{[%clk 00:51:39]} {[%emt 00:01:43]} R8e7 {[%clk 00:18:16]} {[%emt 00:03:09]}
28. Kf2 {[%clk 00:49:08]} {[%emt 00:03:00]} Kf7 {[%clk 00:17:54]} {[%emt
00:00:52]} 29. Rdd2 {[%clk 00:49:05]} {[%emt 00:00:33]} h5 {[%clk 00:16:24]}
{[%emt 00:02:00]} 30. Re2 {[%clk 00:48:52]} {[%emt 00:00:43]} Re4 {[%clk
00:13:25]} {[%emt 00:03:29]} 31. Rxe4 {[%clk 00:49:13]} {[%emt 00:00:09]} Rxe4
{[%clk 00:13:53]} {[%emt 00:00:02]} 32. Kf3 {[%clk 00:49:33]} {[%emt 00:00:10]}
Ra4 {[%clk 00:13:38]} {[%emt 00:00:44]} 33. a3 {[%clk 00:49:15]} {[%emt
00:00:49]} Kf6 {[%clk 00:13:43]} {[%emt 00:00:25]} 34. Rc5 {[%clk 00:48:37]}
{[%emt 00:01:07]} Kg6 {[%clk 00:13:33]} {[%emt 00:00:41]} 35. Ke3 {[%clk
00:48:15]} {[%emt 00:00:51]} Kh6 {[%clk 00:12:13]} {[%emt 00:01:50]} 36. g3
{[%clk 00:48:09]} {[%emt 00:00:37]} Kg6 {[%clk 00:12:02]} {[%emt 00:00:41]} 37.
Kd3 {[%clk 00:48:25]} {[%emt 00:00:12]} h4 {[%clk 00:11:53]} {[%emt 00:00:40]}
38. Rc4 {[%clk 00:46:25]} {[%emt 00:02:31]} Ra5 {[%clk 00:11:43]} {[%emt
00:00:39]} 39. f5+ {[%clk 00:45:02]} {[%emt 00:01:54]} Rxf5 {[%clk 00:10:59]}
{[%emt 00:01:13]} 40. Rxh4 {[%clk 00:45:24]} {[%emt 00:00:09]} Rf2 {[%clk
00:10:35]} {[%emt 00:00:54]} 41. Kc3 {[%clk 00:45:28]} {[%emt 00:00:25]} b5
{[%clk 00:08:28]} {[%emt 00:02:37]} 42. Rg4+ {[%clk 00:43:25]} {[%emt
00:02:34]} Kh7 {[%clk 00:05:32]} {[%emt 00:03:24]} 43. h4 {[%clk 00:43:38]}
{[%emt 00:00:18]} a5 {[%clk 00:05:32]} {[%emt 00:00:30]} 44. Rf4 {[%clk
00:43:15]} {[%emt 00:00:54]} Re2 {[%clk 00:05:01]} {[%emt 00:01:01]} 45. g4
{[%clk 00:42:09]} {[%emt 00:01:36]} c5 {[%clk 00:03:13]} {[%emt 00:02:17]} 46.
g5 {[%clk 00:40:20]} {[%emt 00:02:20]} Re3+ {[%clk 00:00:52]} {[%emt 00:02:50]}
47. Kc2 {[%clk 00:39:16]} {[%emt 00:01:33]} Kg6 {[%clk 00:28:44]} {[%emt
00:02:39]} 48. Rf6+ {[%clk 01:08:58]} {[%emt 00:00:48]} Kh5 {[%clk 00:26:58]}
{[%emt 00:02:16]} 49. Rh6+ {[%clk 01:09:10]} {[%emt 00:00:18]} Kg4 {[%clk
00:27:17]} {[%emt 00:00:11]} 50. g6 {[%clk 01:09:19]} {[%emt 00:00:21]} Re8
{[%clk 00:27:02]} {[%emt 00:00:45]} 51. h5 {[%clk 01:07:24]} {[%emt 00:02:25]}
Kg5 {[%clk 00:25:08]} {[%emt 00:02:24]} 52. Rh7 {[%clk 01:07:39]} {[%emt
00:00:15]} Rg8 {[%clk 00:24:04]} {[%emt 00:01:35]} 53. g7 {[%clk 01:06:39]}
{[%emt 00:01:30]} b4 {[%clk 00:22:23]} {[%emt 00:02:10]} 54. axb4 {[%clk
01:05:33]} {[%emt 00:01:36]} cxb4 {[%clk 00:22:36]} {[%emt 00:00:17]} 55. h6
{[%clk 01:05:36]} {[%emt 00:00:28]} 1-0